The forest-garden farms of Kandy, Sri Lanka / (Record no. 18761)

000 -LEADER
fixed length control field 00492nam a2200169 a 4500
020 ## - INTERNATIONAL STANDARD BOOK NUMBER
ISBN 9251028982 (pbk.)
040 ## - CATALOGING SOURCE
Transcribing agency TxDa
082 ## - DEWEY DECIMAL CLASSIFICATION NUMBER
Classification number 333 FAU 1992 C152 Or.
100 1# - MAIN ENTRY--AUTHOR NAME
Personal name McConnell, D. J.
245 14 - TITLE STATEMENT
Title The forest-garden farms of Kandy, Sri Lanka /
260 ## - PUBLICATION, DISTRIBUTION, ETC. (IMPRINT)
Place of publication Rome :
Name of publisher Food and Agriculture Organization of the United Nations,
Year of publication 1992.
300 ## - PHYSICAL DESCRIPTION
Number of Pages ix, 117 p. :
Other physical details ill., map ;
Dimensions 21 cm.
650 #0 - SUBJECT ADDED ENTRY--TOPICAL TERM
Topical Term Farms, Small
650 #0 - SUBJECT ADDED ENTRY--TOPICAL TERM
Topical Term Agriculture
650 #0 - SUBJECT ADDED ENTRY--TOPICAL TERM
Topical Term Farm management
942 ## - ADDED ENTRY ELEMENTS (KOHA)
Koha item type ADB
952 ## - LOCATION AND ITEM INFORMATION (KOHA)
Withdrawn status [LOCAL, KOHA] 0
Holdings
Koha item type Source of acquisition Lost status Permanent Location Current Location Date acquired Full call number
សៀវភៅភាសាអង់គ្លេសA32703 Library Block CLibrary Block C2020-01-21333 FAU 1992 C152 Or.
មជ្ឈមណ្ឌលឯការនៃសាកលវិទ្យាល័យភូមិន្ទកសិកម្មចំការដូង

Powered by Koha